000
00270nam a22001217a 4500
020
_a
071313295
082
_a
670.42 CHA
100
_a
CHAPMAN, W.A.J
_9
10212
245
_a
SENIOR WORKSHOP CALCULATIONS
260
_a
LONDON
_b
EDWARD
_c
1972
300
_a
244P
942
_c
BK
999
_c
580933
_d
580933